000
00296nam a2200109Ia 4500
008
230907s9999||||xx |||||||||||||| ||und||
082
_a
671.35,JAC
100
_a
Jackson, Mark J.
_9
115198
245
0
_a
Micromachining with nanostructured cutting tools /
300
_a
vii, 55 pages :
942
_c
BK
999
_c
597826
_d
597826